Sports Quiz

Random Sports or Basketball Quiz

Past Decade of NBA MVP's 2000-2001 - 2009-2010 Quiz Stats

 Plays Quiz not verified by Sporcle

Score 0/10 Timer 03:00
0 Plays Today
% Correct
LeBron James
85.4%
Tim Duncan
78%
Tim Duncan
78%
Allen Iverson
73.2%
LeBron James
73.2%
Steve Nash
70.7%
Steve Nash
68.3%
Kobe Bryant
68.3%
Dirk Nowitzki
65.9%
Kevin Garnett
63.4%

You're not logged in!

Compare scores with friends on all Sporcle quizzes.
OR
Log In

Show Comments

Extras

Top Quizzes Today


Score Distribution

Your Account Isn't Verified!

In order to create a playlist on Sporcle, you need to verify the email address you used during registration. Go to your Sporcle Settings to finish the process.

Report this User

Report this user for behavior that violates our Community Guidelines.

Details: